000 00660cam a22001934a 4500
005 20250605164310.0
008 250528s ||||||||||||||||||||||||d
035 _a22438
020 _a9789608386310
040 _aGR-AtMCL
_bgre
_dGR-AtMCL
_eAACR2
245 1 _aΟ ΑΠΟΛΥΤΟΣ ΟΔΗΓΟΣ ΔΙΑΧΕΙΡΙΣΗΣ ΕΡΓΟΥ / Ο ΓΡΗΓΟΡΟΣ ΤΡΟΠΟΣ ΓΙΑ ΝΑ ΥΛΟΠΟΙΗΘΕΙ ΤΟ ΕΡΓΟ ΕΓΚΑΙΡΑ ΚΑΙ ΣΤΟ ΠΛΑΙΣΙΟ ΤΟΥ ΠΡΟΥΠΟΛΟΓΙΣΜΟΥ
250 _a1
260 _bΚέρκυρα,
_c2005
300 _a286
700 1 _aNokes Sebastian
_96638
942 _cBK
999 _c7490
_d7490